000
00294nam a22001097a 4500
082
_a
503.21 MCG'I
100
_a
INTERNATIONAL
_9
56713
245
_a
MCGRAW HILL ENCYCLOPEDIA OF SCIENCE AND TECHNOLOGY VOLUME - 13 SPIR-TOU
260
_a
NEWYORK
_b
MCGRAW HILL
_c
1966
300
_a
693P
942
_c
BK
999
_c
567075
_d
567075